[Event "Lloyds Bank Masters 11th"]
[Site "London"]
[Date "1987.08.27"]
[Round "6"]
[White "Anagnostopoulos, Dimitrios"]
[Black "Ernst, Thomas"]
[Result "1/2-1/2"]
[WhiteElo "2330"]
[BlackElo "2455"]
[PlyCount "84"]
[EventDate "1987.08.22"]
[EventType "swiss"]
[EventRounds "10"]
[EventCountry "ENG"]
[SourceTitle "BritBase"]
[Source "John Saunders"]
[SourceDate "2022.12.30"]
[SourceVersion "1"]
[SourceVersionDate "2022.12.30"]
[SourceQuality "1"]

1. e4 c5 2. Nf3 d6 3. d4 cxd4 4. Nxd4 Nf6 5. Nc3 g6 6. Be3 Bg7 7. f3 O-O 8. Qd2
Nc6 9. Bc4 Bd7 10. O-O-O Rc8 11. Bb3 Ne5 12. h4 Nc4 13. Bxc4 Rxc4 14. h5 Nxh5
15. g4 Nf6 16. Bh6 Nxe4 17. Qe3 Rxc3 18. bxc3 Nf6 19. Bxg7 Kxg7 20. Qh6+ Kh8
21. Ne2 Rg8 22. Qe3 b6 23. Kb2 Rg7 24. Nf4 Bc6 25. g5 Ng8 26. Rh2 Qd7 27. Ne2
Qf5 28. Nd4 Qc5 29. Re2 Bb7 30. f4 e6 31. Qd3 Bd5 32. Nb3 Qc6 33. Rf2 b5 34.
Nd4 Qa6 35. Qxb5 Qxa2+ 36. Kc1 f5 37. gxf6 Nxf6 38. Qb2 Qa6 39. c4 Bxc4 40.
Nxe6 Bxe6 41. Qxf6 Qa3+ 42. Kd2 Qb4+ 1/2-1/2

[Event "Lloyds Bank Masters 11th"]
[Site "London"]
[Date "1987.08.27"]
[Round "6"]
[White "Chandler, Murray G"]
[Black "Watson, William N"]
[Result "1/2-1/2"]
[WhiteElo "2575"]
[BlackElo "2530"]
[PlyCount "57"]
[EventDate "1987.08.22"]
[EventType "swiss"]
[EventRounds "10"]
[EventCountry "ENG"]
[SourceTitle "BritBase"]
[Source "John Saunders"]
[SourceDate "2022.12.30"]
[SourceVersion "1"]
[SourceVersionDate "2022.12.30"]
[SourceQuality "1"]

1. e4 c5 2. Nf3 Nc6 3. d4 cxd4 4. Nxd4 g6 5. Nc3 Bg7 6. Be3 Nf6 7. Bc4 O-O 8.
O-O d6 9. h3 Bd7 10. Re1 Rc8 11. Bb3 Qa5 12. Qd2 Rfe8 13. Rad1 a6 14. Nf3 b5
15. Bh6 Bh8 16. Ng5 Ne5 17. Qf4 Nc4 18. Nd5 Bc6 19. c3 Bxd5 20. Rxd5 Bg7 21.
Qh4 e6 22. Bxg7 Kxg7 23. Rxd6 Nxd6 24. e5 Qd8 25. exf6+ Qxf6 26. Qxh7+ Kf8 27.
Qh4 Kg7 28. Qh7+ Kf8 29. Qh4 1/2-1/2

[Event "Lloyds Bank Masters 11th"]
[Site "London"]
[Date "1987.08.27"]
[Round "6"]
[White "Gallagher, Joseph G"]
[Black "Hansen, Lars Bo"]
[Result "0-1"]
[WhiteElo "2405"]
[BlackElo "2355"]
[PlyCount "92"]
[EventDate "1987.08.22"]
[EventType "swiss"]
[EventRounds "10"]
[EventCountry "ENG"]
[SourceTitle "BritBase"]
[Source "John Saunders"]
[SourceDate "2022.12.30"]
[SourceVersion "1"]
[SourceVersionDate "2022.12.30"]
[SourceQuality "1"]

1. e4 e6 2. d4 d5 3. Nc3 Bb4 4. e5 c5 5. dxc5 Qc7 6. Nf3 Nd7 7. Bf4 Ne7 8. Bd3
Nxc5 9. O-O Bxc3 10. bxc3 Nxd3 11. Qxd3 Bd7 12. Rfe1 a6 13. Nd4 Ng6 14. Bg3 Qd8
15. Rab1 b5 16. Nf3 Rc8 17. Rb4 Qc7 18. Re3 Ne7 19. Rf4 d4 20. Rxd4 Bc6 21. Ng5
h6 22. Ne4 Bxe4 23. Rdxe4 Nf5 24. Rf3 O-O 25. Bf4 Rfd8 26. Qe2 Qd7 27. Rd3 Qc6
28. Bd2 Rd5 29. g4 Nh4 30. g5 Rxe5 31. Rde3 Rxg5+ 32. Rg3 Rxg3+ 33. hxg3 Nf5
34. Qd3 Qc7 35. a4 Rd8 36. Qe2 Qc6 37. axb5 axb5 38. Rb4 Ra8 39. Rb1 Nd6 40.
Bf4 Nc4 41. Kh2 e5 42. Bc1 Rc8 43. Qg4 Re8 44. Qf5 Nd6 45. Qg4 Ne4 46. c4 Nxf2
0-1

[Event "Lloyds Bank Masters 11th"]
[Site "London"]
[Date "1987.08.27"]
[Round "6"]
[White "Gerber, Richard"]
[Black "Littlewood, Paul E"]
[Result "1/2-1/2"]
[WhiteElo "2275"]
[BlackElo "2470"]
[PlyCount "94"]
[EventDate "1987.08.22"]
[EventType "swiss"]
[EventRounds "10"]
[EventCountry "ENG"]
[SourceTitle "BritBase"]
[Source "John Saunders"]
[SourceDate "2022.12.30"]
[SourceVersion "1"]
[SourceVersionDate "2022.12.30"]
[SourceQuality "1"]

1. d4 Nf6 2. c4 e6 3. Nc3 Bb4 4. e3 b6 5. Nge2 Ba6 6. a3 Bxc3+ 7. Nxc3 d5 8. b3
Nc6 9. a4 Na5 10. Ba3 dxc4 11. b4 Nb3 12. Rb1 Nd5 13. Nxd5 Qxd5 14. Rxb3 cxb3
15. Bxa6 Qxg2 16. Rf1 O-O 17. Qxb3 Rad8 18. Bc4 Qxh2 19. b5 Rfe8 20. Qc2 Qh5
21. Qe4 Qf5 22. Bd3 Qxe4 23. Bxe4 e5 24. Bc6 Re6 25. dxe5 Rxe5 26. Ke2 Re6 27.
Rg1 Rg6 28. Rxg6 hxg6 29. Be7 Rb8 30. Kd3 f6 31. Bd5+ Kh7 32. Bf7 Rc8 33. Bd5
Re8 34. Bb4 g5 35. e4 Kg6 36. Kd4 Rh8 37. Bd2 Rh1 38. Bb3 Rf1 39. Be3 Rb1 40.
Bc2 Ra1 41. e5+ Kf7 42. Bb3+ Ke7 43. e6 Rb1 44. Kc3 Rf1 45. Kd3 Rb1 46. Kc2 Rf1
47. Bd4 Re1 1/2-1/2

[Event "Lloyds Bank Masters 11th"]
[Site "London"]
[Date "1987.08.27"]
[Round "6"]
[White "Karolyi, Tibor Jr"]
[Black "Ward, Christopher"]
[Result "1-0"]
[WhiteElo "2435"]
[BlackElo "2330"]
[PlyCount "75"]
[EventDate "1987.08.22"]
[EventType "swiss"]
[EventRounds "10"]
[EventCountry "ENG"]
[SourceTitle "BritBase"]
[Source "John Saunders"]
[SourceDate "2022.12.30"]
[SourceVersion "1"]
[SourceVersionDate "2022.12.30"]
[SourceQuality "1"]

1. d4 Nf6 2. c4 e5 3. dxe5 Ng4 4. Nf3 Nc6 5. Bg5 Be7 6. Bxe7 Qxe7 7. Nc3 Ngxe5
8. Nxe5 Qxe5 9. Qd2 O-O 10. e3 b6 11. Be2 Qe7 12. Rd1 d6 13. Bf3 Bb7 14. O-O
Rab8 15. b3 Rfe8 16. h3 Qh4 17. Nb5 Ne5 18. Bxb7 Rxb7 19. Qd5 c6 20. Qd4 Nf3+
21. gxf3 Qg5+ 22. Qg4 Qxg4+ 23. fxg4 cxb5 24. cxb5 Rd7 25. Rc1 Kf8 26. Rfd1 Re5
27. a4 Ke7 28. Kg2 Rc5 29. Rxc5 bxc5 30. e4 Rc7 31. Kf3 c4 32. Rc1 c3 33. Ke3
Ke6 34. Kd3 Ke5 35. Rxc3 Rd7 36. Rc6 g5 37. a5 d5 38. Rc5 1-0

[Event "Lloyds Bank Masters 11th"]
[Site "London"]
[Date "1987.08.27"]
[Round "6"]
[White "Lalic, Susan"]
[Black "Finegold, Gina Lynne"]
[Result "1-0"]
[WhiteElo "2335"]
[BlackElo "2035"]
[PlyCount "47"]
[EventDate "1987.08.22"]
[EventType "swiss"]
[EventRounds "10"]
[EventCountry "ENG"]
[SourceTitle "BritBase"]
[Source "John Saunders"]
[SourceDate "2022.12.30"]
[SourceVersion "1"]
[SourceVersionDate "2022.12.30"]
[SourceQuality "1"]

1. e4 c6 2. d4 d5 3. Nd2 dxe4 4. Nxe4 Nd7 5. Ng5 Ngf6 6. Bd3 e6 7. N1f3 c5 8.
Ne5 Nxe5 9. dxe5 Nd7 10. Nxe6 Qa5+ 11. Bd2 Qb6 12. Nxf8 Nxe5 13. Qe2 Qxb2 14.
O-O Kxf8 15. Rab1 Qd4 16. Rfe1 f6 17. Be3 Qd6 18. Bf4 Rb8 19. Bxe5 Qxe5 20.
Qxe5 fxe5 21. Rxe5 b6 22. Rxc5 bxc5 23. Rxb8 Kf7 24. Ba6 1-0

[Event "Lloyds Bank Masters 11th"]
[Site "London"]
[Date "1987.08.27"]
[Round "6"]
[White "Lane, Gary William"]
[Black "Hartston, William R"]
[Result "1/2-1/2"]
[WhiteElo "2285"]
[BlackElo "2435"]
[PlyCount "37"]
[EventDate "1987.08.22"]
[EventType "swiss"]
[EventRounds "10"]
[EventCountry "ENG"]
[SourceTitle "BritBase"]
[Source "John Saunders"]
[SourceDate "2022.12.30"]
[SourceVersion "1"]
[SourceVersionDate "2022.12.30"]
[SourceQuality "1"]

1. e4 c5 2. c3 d5 3. exd5 Qxd5 4. d4 Nf6 5. Nf3 e6 6. Na3 Qd8 7. Nc2 Nc6 8. g3
Bd7 9. Bg2 Rc8 10. O-O Be7 11. Qe2 cxd4 12. Ncxd4 O-O 13. Rd1 Qa5 14. Nb3 Qa4
15. Bg5 Rfd8 16. Nfd4 b6 17. Nxc6 Bxc6 18. Bxc6 Qxc6 19. Qa6 1/2-1/2

[Event "Lloyds Bank Masters 11th"]
[Site "London"]
[Date "1987.08.27"]
[Round "6"]
[White "Lodhi, Mahmood"]
[Black "Kudrin, Sergey"]
[Result "1-0"]
[WhiteElo "2365"]
[BlackElo "2515"]
[PlyCount "130"]
[EventDate "1987.08.22"]
[EventType "swiss"]
[EventRounds "10"]
[EventCountry "ENG"]
[SourceTitle "BritBase"]
[Source "John Saunders"]
[SourceDate "2022.12.30"]
[SourceVersion "1"]
[SourceVersionDate "2022.12.30"]
[SourceQuality "1"]

1. d4 Nf6 2. c4 g6 3. Nc3 d5 4. Nf3 Bg7 5. Qb3 dxc4 6. Qxc4 O-O 7. e4 Bg4 8.
Be3 Nfd7 9. Rd1 Nb6 10. Qb3 Nc6 11. d5 Ne5 12. Be2 Nxf3+ 13. gxf3 Bh5 14. Kf1
Kh8 15. f4 Qd7 16. h3 Bxe2+ 17. Nxe2 c6 18. Kg2 cxd5 19. Bxb6 axb6 20. Rxd5 Qa4
21. Nc3 Qc6 22. f3 Qf6 23. Kg3 e5 24. fxe5 Qg5+ 25. Kf2 Bxe5 26. Ne2 Qf6 27.
Rb5 Rfd8 28. Rd1 Rxd1 29. Qxd1 Bd6 30. Kg2 Bc5 31. Qc1 Rxa2 32. Qc3 Kg7 33. f4
Ra4 34. Qxf6+ Kxf6 35. Kf3 Ke6 36. Rb3 f5 37. exf5+ gxf5 38. Rd3 Ra2 39. Rd2
Ra4 40. Rd3 Ra2 41. Rd2 Ra1 42. Ng3 Ra5 43. Re2+ Kf6 44. Nh5+ Kg6 45. Ng3 Rb5
46. Rd2 Rb3+ 47. Kg2 h5 48. Ne2 h4 49. Nd4 Rg3+ 50. Kh2 Kf6 51. Ne2 Rf3 52. Nc3
Ke6 53. Re2+ Kd6 54. Rd2+ Kc6 55. Nd5 Rb3 56. Nc3 Be3 57. Rc2 Bxf4+ 58. Kg2 Kd6
59. Kf3 Be5 60. Ke2 b5 61. Kd1 b4 62. Nb5+ Ke6 63. Rc4 Rxh3 64. Rxb4 Rh1+ 65.
Kc2 h3 1-0

[Event "Lloyds Bank Masters 11th"]
[Site "London"]
[Date "1987.08.27"]
[Round "6"]
[White "Paust, Wolf Dieter"]
[Black "Large, Peter G"]
[Result "0-1"]
[WhiteElo "2215"]
[BlackElo "2330"]
[PlyCount "68"]
[EventDate "1987.08.22"]
[EventType "swiss"]
[EventRounds "10"]
[EventCountry "ENG"]
[SourceTitle "BritBase"]
[Source "John Saunders"]
[SourceDate "2022.12.30"]
[SourceVersion "1"]
[SourceVersionDate "2022.12.30"]
[SourceQuality "1"]

1. d4 Nf6 2. c4 d6 3. Nf3 c6 4. Nc3 Nbd7 5. e4 e5 6. Be2 Be7 7. O-O O-O 8. Re1
a6 9. Rb1 b5 10. b4 Qc7 11. dxe5 dxe5 12. c5 Re8 13. Bb2 Nf8 14. Qc2 Ng6 15. h3
h6 16. a4 Be6 17. axb5 axb5 18. Ra1 Nh7 19. Rxa8 Rxa8 20. Ra1 Rb8 21. Nd1 Ng5
22. Nxg5 Bxg5 23. Ne3 Bxe3 24. fxe3 Qe7 25. Ra6 Qg5 26. Rxc6 Bxh3 27. Bf3 Ra8
28. Rxg6 fxg6 29. Qb3+ Kh7 30. Qd5 Bxg2 31. Bxg2 Rd8 32. Qxe5 Rd1+ 33. Kh2 Qh4+
34. Bh3 Rd2+ 0-1

[Event "Lloyds Bank Masters 11th"]
[Site "London"]
[Date "1987.08.27"]
[Round "6"]
[White "Stefansson, Hannes"]
[Black "Dlugy, Maxim"]
[Result "0-1"]
[WhiteElo "2335"]
[BlackElo "2545"]
[PlyCount "78"]
[EventDate "1987.08.22"]
[EventType "swiss"]
[EventRounds "10"]
[EventCountry "ENG"]
[SourceTitle "BritBase"]
[Source "John Saunders"]
[SourceDate "2022.12.30"]
[SourceVersion "1"]
[SourceVersionDate "2022.12.30"]
[SourceQuality "1"]

1. e4 c5 2. Nf3 Nc6 3. d4 cxd4 4. Nxd4 Nf6 5. Nc3 d6 6. Bc4 e6 7. Be3 Be7 8.
Bb3 O-O 9. f4 Bd7 10. Qf3 Nxd4 11. Bxd4 b5 12. e5 dxe5 13. fxe5 Ne8 14. Ne4 Bc6
15. c3 b4 16. O-O bxc3 17. bxc3 Qc7 18. Qg4 h5 19. Qf4 Bxe4 20. Qxe4 Qc8 21.
Be3 Bc5 22. Rad1 g6 23. Kh1 Bxe3 24. Qxe3 Ng7 25. Rd6 Qc7 26. c4 Rac8 27. Qg5
a5 28. Rfd1 Nf5 29. Bc2 Qe7 30. Qxe7 Nxe7 31. R6d4 Rc5 32. Rd7 Nf5 33. Bb3 Ra8
34. Kg1 Kg7 35. Rb7 a4 36. Bc2 Ne3 37. Rdd7 Nxc2 38. Rxf7+ Kh6 39. h4 Rh8 0-1

[Event "Lloyds Bank Masters 11th"]
[Site "London"]
[Date "1987.08.28"]
[Round "7"]
[White "Ernst, Thomas"]
[Black "Lev, Ronen"]
[Result "1-0"]
[WhiteElo "2455"]
[BlackElo "2400"]
[PlyCount "77"]
[EventDate "1987.08.22"]
[EventType "swiss"]
[EventRounds "10"]
[EventCountry "ENG"]
[SourceTitle "BritBase"]
[Source "John Saunders"]
[SourceDate "2022.12.30"]
[SourceVersion "1"]
[SourceVersionDate "2022.12.30"]
[SourceQuality "1"]

1. e4 e5 2. Nf3 Nf6 3. Nxe5 d6 4. Nf3 Nxe4 5. d4 d5 6. Bd3 Be7 7. O-O Nc6 8.
Re1 Bf5 9. c4 Nb4 10. Bf1 O-O 11. a3 Nc6 12. cxd5 Qxd5 13. Nc3 Nxc3 14. bxc3
Bf6 15. Bf4 Qd7 16. Ra2 Rae8 17. Rae2 Rxe2 18. Qxe2 Na5 19. Ne5 Qa4 20. Qb2 c5
21. Bb5 Qb3 22. Qxb3 Nxb3 23. d5 Rd8 24. d6 Be6 25. Rd1 a6 26. Be2 Na5 27. Bf3
Bxe5 28. Bxe5 Rd7 29. Bf4 f6 30. Be3 c4 31. Bb6 Nb3 32. Bc7 Nc5 33. Rb1 b5 34.
Bc6 Rf7 35. Re1 g6 36. Bb6 Nd7 37. Bd4 Nf8 38. Be8 Rb7 39. Bxf6 1-0

[Event "Lloyds Bank Masters 11th"]
[Site "London"]
[Date "1987.08.28"]
[Round "7"]
[White "Hebden, Mark"]
[Black "Einarsson, Arnthor"]
[Result "1-0"]
[WhiteElo "2515"]
[BlackElo "2295"]
[PlyCount "105"]
[EventDate "1987.08.22"]
[EventType "swiss"]
[EventRounds "10"]
[EventCountry "ENG"]
[SourceTitle "BritBase"]
[Source "John Saunders"]
[SourceDate "2022.12.30"]
[SourceVersion "1"]
[SourceVersionDate "2022.12.30"]
[SourceQuality "1"]

1. e4 c6 2. d4 d5 3. exd5 cxd5 4. c4 Nf6 5. Nc3 e6 6. Nf3 Be7 7. cxd5 Nxd5 8.
Bd3 Nc6 9. O-O O-O 10. Re1 b6 11. Nxd5 Qxd5 12. Be4 Qd6 13. Qc2 Bb7 14. Bxh7+
Kh8 15. Be4 Bf6 16. Qe2 Nxd4 17. Nxd4 Bxe4 18. Nxe6 Qxe6 19. Qxe4 Qxe4 20. Rxe4
Rfd8 21. Be3 Bxb2 22. Rb1 Bf6 23. g4 Rd5 24. Rc1 Rad8 25. Kg2 Kg8 26. Rc7 R5d7
27. Rcc4 g6 28. Ra4 Rc8 29. Ra6 Bc3 30. Ra3 Bb2 31. Rb3 Bc3 32. h4 Bd2 33. Rd4
Rcd8 34. Rbd3 Rxd4 35. Rxd4 Rxd4 36. Bxd4 f5 37. gxf5 gxf5 38. Kf3 Kh7 39. Be3
Bxe3 40. fxe3 Kg6 41. Kf4 b5 42. h5+ Kf6 43. h6 b4 44. h7 Kg7 45. Kxf5 a5 46.
Ke4 Kxh7 47. Kd4 a4 48. Kc4 b3 49. axb3 axb3 50. Kxb3 Kg6 51. Kc4 Kf5 52. Kd5
Kf6 53. e4 1-0

[Event "Lloyds Bank Masters 11th"]
[Site "London"]
[Date "1987.08.28"]
[Round "7"]
[White "Large, Peter G"]
[Black "Barua, Dibyendu"]
[Result "0-1"]
[WhiteElo "2330"]
[BlackElo "2455"]
[PlyCount "56"]
[EventDate "1987.08.22"]
[EventType "swiss"]
[EventRounds "10"]
[EventCountry "ENG"]
[SourceTitle "BritBase"]
[Source "John Saunders"]
[SourceDate "2022.12.30"]
[SourceVersion "1"]
[SourceVersionDate "2022.12.30"]
[SourceQuality "1"]

1. e4 e5 2. Nf3 Nf6 3. d4 Nxe4 4. Bd3 d5 5. Nxe5 Be7 6. Nd2 Nxd2 7. Bxd2 Nd7 8.
Qh5 Nxe5 9. Qxe5 O-O 10. O-O-O Bf6 11. Qf4 b6 12. g4 c5 13. g5 Be7 14. dxc5
bxc5 15. Rhe1 c4 16. Bf1 c3 17. Be3 cxb2+ 18. Kb1 Be6 19. Bd3 d4 20. Bd2 Qd5
21. Rxe6 fxe6 22. Qh4 g6 23. Be4 Qc4 24. Re1 Rad8 25. Bd3 Qc6 26. Qg4 Rxf2 27.
Rxe6 Rg2 28. Qh3 Rxd2 0-1

[Event "Lloyds Bank Masters 11th"]
[Site "London"]
[Date "1987.08.28"]
[Round "7"]
[White "Littlewood, Paul E"]
[Black "Thorhallsson, Throstur"]
[Result "0-1"]
[WhiteElo "2470"]
[BlackElo "2345"]
[PlyCount "38"]
[EventDate "1987.08.22"]
[EventType "swiss"]
[EventRounds "10"]
[EventCountry "ENG"]
[SourceTitle "BritBase"]
[Source "John Saunders"]
[SourceDate "2022.12.30"]
[SourceVersion "1"]
[SourceVersionDate "2022.12.30"]
[SourceQuality "1"]

1. d4 Nf6 2. c4 e6 3. Nf3 d5 4. Bg5 c6 5. Nbd2 h6 6. Bxf6 Qxf6 7. Qb3 a5 8. c5
Nd7 9. e4 e5 10. exd5 exd4 11. Ne4 Qe7 12. O-O-O Nxc5 13. Nxc5 Qxc5+ 14. Kb1 a4
15. Qc4 Bf5+ 16. Ka1 a3 17. Re1+ Kd8 18. dxc6 axb2+ 19. Kxb2 Rxa2+ 0-1

[Event "Lloyds Bank Masters 11th"]
[Site "London"]
[Date "1987.08.28"]
[Round "7"]
[White "Watson, William N"]
[Black "Rogers, Ian"]
[Result "0-1"]
[WhiteElo "2530"]
[BlackElo "2530"]
[PlyCount "130"]
[EventDate "1987.08.22"]
[EventType "swiss"]
[EventRounds "10"]
[EventCountry "ENG"]
[SourceTitle "BritBase"]
[Source "John Saunders"]
[SourceDate "2022.12.30"]
[SourceVersion "1"]
[SourceVersionDate "2022.12.30"]
[SourceQuality "1"]

1. e4 d5 2. exd5 Qxd5 3. Nc3 Qa5 4. d4 Nf6 5. Bc4 c6 6. Bd2 Bf5 7. Nd5 Qd8 8.
Nxf6+ gxf6 9. Bf4 Qb6 10. Bb3 a5 11. a4 Rg8 12. Ne2 Na6 13. O-O Nb4 14. Bg3 e6
15. Nf4 O-O-O 16. c3 Na6 17. Bc2 Bg6 18. Bb3 Bf5 19. Bc4 Qxb2 20. Nd3 Qxc3 21.
Rc1 Qxd4 22. Bxa6 Rxg3 23. hxg3 Bxd3 24. Bxd3 Qxd3 25. Qh5 Qf5 26. Qxf7 Bb4 27.
Rfd1 Rf8 28. Qd7+ Kb8 29. Qd4 e5 30. Qb6 Rc8 31. Rd8 Rxd8 32. Qxd8+ Ka7 33. Qc7
Qe4 34. Rd1 Ka6 35. Rd7 Qb1+ 36. Kh2 Bc5 37. Rd2 Qb4 38. Rc2 Bd4 39. Qxh7 Qxa4
40. Qf5 Qb3 41. Rc1 a4 42. Qc8 Ka7 43. Qd8 Qd5 44. Qe7 Bxf2 45. Rb1 Bb6 46. Qa3
Bd4 47. Qxa4+ Kb8 48. Qb4 Qf7 49. g4 c5 50. Qb6 Qh7+ 51. Kg3 Qc7 52. Qxc7+ Kxc7
53. g5 fxg5 54. Kg4 c4 55. Kxg5 Be3+ 56. Kf5 c3 57. Rb4 Kd6 58. Rc4 Bd4 59. Ke4
b5 60. Rc8 Kd7 61. Rh8 c2 62. Rh7+ Kd6 63. Rh6+ Kc5 64. Rh8 Kc4 65. Rc8+ Bc5
0-1

[Event "Lloyds Bank Masters 11th"]
[Site "London"]
[Date "1987.08.28"]
[Round "7"]
[White "Whiteley, Andrew Jonathan"]
[Black "Sahu, Sekhar Chandra"]
[Result "0-1"]
[WhiteElo "2380"]
[BlackElo "2380"]
[PlyCount "54"]
[EventDate "1987.08.22"]
[EventType "swiss"]
[EventRounds "10"]
[EventCountry "ENG"]
[SourceTitle "BritBase"]
[Source "John Saunders"]
[SourceDate "2022.12.30"]
[SourceVersion "1"]
[SourceVersionDate "2022.12.30"]
[SourceQuality "1"]

1. d4 Nf6 2. c4 c5 3. d5 g6 4. Nf3 Bg7 5. g3 O-O 6. Bg2 d6 7. O-O b5 8. cxb5 a6
9. bxa6 Bxa6 10. Nc3 Nbd7 11. Qc2 Ra7 12. Rd1 Qa8 13. e4 Ng4 14. b3 Rb8 15. Bb2
c4 16. Nd4 Bxd4 17. Rxd4 Nge5 18. Rb1 Nc5 19. bxc4 Bxc4 20. Bc1 Rxb1 21. Qxb1
Bd3 22. Qb4 Rb7 23. Qa3 Qb8 24. Bf4 Rb2 25. Bxe5 dxe5 26. Rxd3 Nxd3 27. Qxe7
Qb6 0-1

[Event "Lloyds Bank Masters 11th"]
[Site "London"]
[Date "1987.08.29"]
[Round "8"]
[White "Arkell, Keith C"]
[Black "Rossiter, Philip J"]
[Result "1-0"]
[WhiteElo "2400"]
[BlackElo "2220"]
[PlyCount "69"]
[EventDate "1987.08.22"]
[EventType "swiss"]
[EventRounds "10"]
[EventCountry "ENG"]
[SourceTitle "BritBase"]
[Source "John Saunders"]
[SourceDate "2022.12.30"]
[SourceVersion "1"]
[SourceVersionDate "2022.12.30"]
[SourceQuality "1"]

1. d4 Nf6 2. Nf3 e6 3. Bg5 d5 4. c4 Be7 5. e3 O-O 6. Nc3 Nbd7 7. cxd5 exd5 8.
Bd3 c6 9. Qc2 Re8 10. O-O Nf8 11. Rab1 a5 12. a3 g6 13. b4 axb4 14. axb4 Ne6
15. Bh4 b5 16. Ne5 Bb7 17. Ne2 Qc8 18. Rfc1 Nd7 19. Bxe7 Nxe5 20. dxe5 Rxe7 21.
Nd4 Nxd4 22. exd4 Qd8 23. Qc5 Ra3 24. Bf1 Re8 25. g3 f6 26. Ra1 Rxa1 27. Rxa1
fxe5 28. Ra7 Qc7 29. Bxb5 exd4 30. Ba6 Rb8 31. Qxd4 Qe7 32. Kg2 h5 33. Qf4 Kh7
34. Qxb8 Qe4+ 35. Kg1 1-0

[Event "Lloyds Bank Masters 11th"]
[Site "London"]
[Date "1987.08.29"]
[Round "8"]
[White "Barua, Dibyendu"]
[Black "Zueger, Beat"]
[Result "0-1"]
[WhiteElo "2455"]
[BlackElo "2405"]
[PlyCount "102"]
[EventDate "1987.08.22"]
[EventType "swiss"]
[EventRounds "10"]
[EventCountry "ENG"]
[SourceTitle "BritBase"]
[Source "John Saunders"]
[SourceDate "2022.12.30"]
[SourceVersion "1"]
[SourceVersionDate "2022.12.30"]
[SourceQuality "1"]

1. e4 e6 2. d4 d5 3. exd5 exd5 4. Bd3 Nf6 5. h3 Be7 6. Qf3 c5 7. dxc5 Nc6 8.
Ne2 Be6 9. O-O Qd7 10. Nbc3 h6 11. Nb5 Bxc5 12. Bf4 O-O-O 13. c3 Ne8 14. b4 Bb6
15. a4 g5 16. a5 Bc7 17. Nxc7 gxf4 18. Nxe6 fxe6 19. Qxf4 e5 20. Qe3 e4 21. Bb5
Nd6 22. Nd4 Nxb5 23. Nxb5 Rhg8 24. f4 a6 25. Nd4 Nxd4 26. cxd4 Kb8 27. Rac1 Qb5
28. Rc5 Qxb4 29. f5 Ka7 30. f6 Rg3 31. Qf2 Rd3 32. f7 e3 33. f8=Q Rxf8 34. Qxf8
e2 35. Kh2 exf1=N+ 36. Qxf1 Qxd4 37. Rc1 Rd2 38. Qf5 Qe4 39. Qxe4 dxe4 40. Re1
Rd5 41. Rxe4 Rxa5 42. g4 Rc5 43. Re6 a5 44. Rxh6 a4 45. Re6 b5 46. h4 a3 47.
Re1 b4 48. Ra1 Rc2+ 49. Kg3 a2 50. g5 b3 51. g6 Kb6 0-1

[Event "Lloyds Bank Masters 11th"]
[Site "London"]
[Date "1987.08.29"]
[Round "8"]
[White "Brenninkmeijer, Joris"]
[Black "Hansen, Lars Bo"]
[Result "0-1"]
[WhiteElo "2345"]
[BlackElo "2355"]
[PlyCount "82"]
[EventDate "1987.08.22"]
[EventType "swiss"]
[EventRounds "10"]
[EventCountry "ENG"]
[SourceTitle "BritBase"]
[Source "John Saunders"]
[SourceDate "2022.12.30"]
[SourceVersion "1"]
[SourceVersionDate "2022.12.30"]
[SourceQuality "1"]

1. d4 Nf6 2. c4 c5 3. d5 b5 4. a4 bxc4 5. Nc3 d6 6. e4 Ba6 7. f4 Nbd7 8. Nf3 g6
9. Nd2 Qa5 10. Qe2 Bh6 11. g3 O-O 12. Bh3 Rab8 13. O-O Qc7 14. Nf3 Bc8 15. Kg2
Nb6 16. Bxc8 Qxc8 17. a5 Na8 18. e5 Ne8 19. Qxc4 Rb4 20. Qd3 Nac7 21. Re1 Qb7
22. Re2 Bg7 23. Ra2 Nb5 24. a6 Qb8 25. Nxb5 Rxb5 26. Ra3 Nc7 27. f5 c4 28. Qe4
Rxd5 29. f6 exf6 30. exd6 Rxd6 31. Qxc4 Ne6 32. Rc2 f5 33. Be3 Qa8 34. Kf2 g5
35. Nxg5 Nxg5 36. Bxg5 Qh1 37. Be7 Qxh2+ 38. Kf3 Qh1+ 39. Rg2 Rd2 40. Bxf8
Qxg2+ 41. Kf4 Rd4+ 0-1

[Event "Lloyds Bank Masters 11th"]
[Site "London"]
[Date "1987.08.29"]
[Round "8"]
[White "Holland, Christopher K D"]
[Black "Large, Peter G"]
[Result "0-1"]
[WhiteElo "2275"]
[BlackElo "2330"]
[PlyCount "54"]
[EventDate "1987.08.22"]
[EventType "swiss"]
[EventRounds "10"]
[EventCountry "ENG"]
[SourceTitle "BritBase"]
[Source "John Saunders"]
[SourceDate "2022.12.30"]
[SourceVersion "1"]
[SourceVersionDate "2022.12.30"]
[SourceQuality "1"]

1. d4 Nf6 2. c4 d6 3. Nc3 Nbd7 4. e4 e5 5. d5 Be7 6. Nf3 O-O 7. Qc2 c6 8. Be2
a6 9. O-O cxd5 10. cxd5 b5 11. b4 Nb6 12. Nd2 Bd7 13. Bb2 Qb8 14. Qd3 Rc8 15.
Qg3 Nc4 16. Bxc4 bxc4 17. a3 a5 18. f4 exf4 19. Qxf4 axb4 20. axb4 Rxa1 21.
Bxa1 Qxb4 22. e5 dxe5 23. Qxe5 Qd6 24. Qg5 Ng4 25. Qf4 Qxf4 26. Rxf4 Bc5+ 27.
Kf1 Ne3+ 0-1

[Event "Lloyds Bank Masters 11th"]
[Site "London"]
[Date "1987.08.29"]
[Round "8"]
[White "McDonald, Neil R"]
[Black "Hebden, Mark"]
[Result "0-1"]
[WhiteElo "2400"]
[BlackElo "2515"]
[PlyCount "170"]
[EventDate "1987.08.22"]
[EventType "swiss"]
[EventRounds "10"]
[EventCountry "ENG"]
[SourceTitle "BritBase"]
[Source "John Saunders"]
[SourceDate "2022.12.30"]
[SourceVersion "1"]
[SourceVersionDate "2022.12.30"]
[SourceQuality "1"]

1. Nf3 g6 2. g3 Bg7 3. Bg2 e5 4. d3 Nc6 5. c4 Nf6 6. Nc3 O-O 7. O-O Re8 8. Nd2
d6 9. Rb1 a5 10. a3 Nd4 11. b4 axb4 12. axb4 c6 13. b5 d5 14. bxc6 bxc6 15.
cxd5 cxd5 16. e3 Ne6 17. Nf3 Ba6 18. Re1 Rc8 19. Bb2 e4 20. Ne5 d4 21. exd4
Nxd4 22. Ra1 Rb8 23. Rxa6 Rxe5 24. Ba1 Nb3 25. dxe4 Qc8 26. Ra3 Nxa1 27. Qxa1
Ng4 28. Qa2 Re8 29. Nd5 Rb2 30. Qa1 Rxf2 31. Ne7+ Rxe7 32. Ra8 Bxa1 33. Rxc8+
Kg7 34. Rxa1 Rb2 35. Rac1 Ra7 36. e5 Rd2 37. e6 fxe6 38. Bh3 Nxh2 39. R1c7+
Rxc7 40. Rxc7+ Kf6 41. Rc3 h5 42. Re3 e5 43. Ra3 Re2 44. Bd7 Kg5 45. Ra6 Ng4
46. Bxg4 hxg4 47. Ra4 Kf5 48. Kf1 Rd2 49. Rb4 Rd4 50. Rb6 Rd3 51. Kf2 Rd2+ 52.
Ke1 Rg2 53. Rb3 Ra2 54. Kf1 Ra4 55. Ke2 Ke4 56. Re3+ Kd4 57. Rd3+ Kc5 58. Ke3
Ra1 59. Rd8 Rf1 60. Rg8 Kd5 61. Rd8+ Ke6 62. Re8+ Kd6 63. Rg8 Re1+ 64. Kf2 Re4
65. Rxg6+ Kd5 66. Rg8 Ra4 67. Ke3 Ra3+ 68. Kf2 Kd4 69. Rd8+ Ke4 70. Rd2 Rf3+
71. Kg2 Rd3 72. Re2+ Kd4 73. Kf2 e4 74. Ra2 Rf3+ 75. Kg2 Rb3 76. Kf2 e3+ 77.
Ke2 Rb4 78. Ra8 Rb2+ 79. Ke1 Rg2 80. Kf1 Rf2+ 81. Kg1 Ke4 82. Re8+ Kf3 83. Re7
Rd2 84. Re8 e2 85. Kh1 Kxg3 0-1